000 01245nam a22003617a 4500
003 CHAP
005 20220817043323.0
008 971013s1983 r 00010 d
010 _a71750
011 _a72722
035 _a82278
040 _cCHAP
082 _a634.956
_bG3
100 0 0 _aGalloway, Glenn.
_944463
245 _aManual de viveros forestales en la Sierra peruana
260 _aLima :
_bInstituto Nacional Forestal y de la Fauna,
_c1983
300 _a123 p.
_b: ilus.
590 _aBATCH-UPD
_b10
_c20130110
_lUCH01
_h0115
590 _aBATCH-UPD
_b10
_c20130110
_lUCH01
_h1701
590 _aCONVERSION
_b10
_c20130109
_lUCH01
_h1339
650 1 4 _aEucalipto.
650 1 4 _aPinus radiata.
_988362
650 1 4 _aViveros forestales.
_9120100
700 0 _aBorgo Bilia, Gumersindo.
_913868
710 0 _aFAO.
901 _aBK
942 _cLIBRO
949 _a634.956 G3
_bBC
_cLIBRO
_d-36248
_eLIBRO
_h61383
_i82278
_si
949 _a634.956 G3
_bBC
_cLIBRO
_d-36339
_eLIBRO
_fc.4
_h82898
_i82278
_si
949 _a634.956 G3
_bBC
_cLIBRO
_d-36340
_eLIBRO
_fc.5
_h82899
_i82278
_si
949 _a634.956 G3
_bBC
_cLIBRO
_d33724000605770
_eLIBRO
_fc.2
_h65634
_i82278
_si
949 _a634.956 G3
_bBC
_cLIBRO
_d33724000765350
_eLIBRO
_fc.3
_h65634
_i82278
_si
999 _c71750
_d71750